Central Library OPAC University of Rajshahi

Diseases of fruit crops / (Record no. 14247)

MARC details
000 -LEADER
fixed length control field 00820cam a22002651 4500
001 - CONTROL NUMBER
control field 14247
003 - CONTROL NUMBER IDENTIFIER
rucl marc code BD-RjUL
005 - DATE AND TIME OF LATEST TRANSACTION
control field 20211208235609.0
008 - FIXED-LENGTH DATA ELEMENTS--GENERAL INFORMATION
fixed length control field 140205s1956 nyua b 001 0 eng d
035 ## - SYSTEM CONTROL NUMBER
System control number (BD-RjUL)14299
System control number (OCoLC)2982615
040 ## - CATALOGING SOURCE
Original cataloging agency DLC
Transcribing agency ODa
Modifying agency OCoLC
-- Uk
-- DLC
-- BD-RjUL
Language of cataloging eng
041 ## - LANGUAGE CODE
Language code of text/sound track or separate title eng
082 00 - DEWEY DECIMAL CLASSIFICATION NUMBER
Classification number 632
Author mark and year AND 1956
100 1# - MAIN ENTRY--PERSONAL NAME
Personal name Anderson, Harry Warren,
Dates associated with a name 1885-
9 (RLIN) 44508
245 10 - TITLE STATEMENT
Title Diseases of fruit crops /
Statement of responsibility, etc. Harry Warren,Anderson
260 ## - PUBLICATION, DISTRIBUTION, ETC. (IMPRINT)
Place of publication, distribution, etc. New York :
Name of publisher, distributor, etc. McGraw-Hill,
Date of publication, distribution, etc. 1956.
300 ## - PHYSICAL DESCRIPTION
Pagination 501 p. :
Illustrations ill . ;
Size 24 cm.
504 ## - BIBLIOGRAPHY, ETC. NOTE
Bibliography, etc Includes bibliography and Index
650 #0 - SUBJECT ADDED ENTRY--TOPICAL TERM
Topical term or geographic name as entry element Fruit
General subdivision Diseases and pests.
9 (RLIN) 44185
Topical term or geographic name as entry element Plant diseases.
9 (RLIN) 44510
942 ## - ADDED ENTRY ELEMENTS (KOHA)
Source of classification or shelving scheme Dewey Decimal Classification
Koha item type Books
Holdings
Lost status Source of classification or shelving scheme Damaged status Not for loan Collection code Permanent Location Current Location Shelving location Date acquired Source of acquisition Cost, normal purchase price Total Checkouts Full call number Date last seen Copy number Koha item type
  Dewey Decimal Classification     Non-fiction Central Library, University of Rajshahi Central Library, University of Rajshahi   26/10/1970 Swets and Zuitlinger 130.00   632 AND 1956 05/02/2014 C-2 Books
  Dewey Decimal Classification   Not For Loan Non-fiction Central Library, University of Rajshahi Central Library, University of Rajshahi Reading Room 26/10/1970 Sweets & Zeitlinger 130.00   632 AND 1956 03/04/2017 C-1 Books